000 00586nam a2200241Ia 4500
005 20250425162141.0
008 250425s9999 xx 000 0 und d
020 _a9684220367
041 _aspa
082 _a621.6
100 _aMCNAUGHTON, KENNETH J.
245 0 _aBOMBAS: SELECCION, USO Y MANTENIMIENTO
250 _a1A ED.
260 _aMEXICO
260 _aMéxico
_bMCGRAW-HILL
_c1992
300 _a373
650 _aBOMBAS (MECANICA)
650 _aBOMBAS CENTRIFUGAS
650 _aBOMBAS DE ENGRANES
650 _aMANTENIMIENTO
942 _c01
010 _a53102
999 _c223339
_d223339